banner-ar

الشتاء النووى : أثار الحرب النووية على الانسانية والبيئة / (Record no. 53553)

MARC details
000 -الفاتح
حقل البيانات ثابتة الطول 00801nam a2200205Ia 4500
005 - وقت وتاريخ اخر تعامل مع التسجيلة
رقم الضبط 20240530105140.0
008 - عناصر البيانات ثابتة الطول - معلومات عامة
حقل البيانات ثابتة الطول 140319s9999 xx 000 0 ara d
040 ## - مصدر الفهرسة
وكالة الفهرسة الأصلية GCL /
وكالة النسخ GCL
082 04 - رقم تصنيف ديوى العشرى
رقم التصنيف 614.7
رقم المادة هـ ش
100 1# - المدخل الرئيسى - إسم شخصى
الإسم الشخصى هارول ، مارك. أ.
245 10 - بيان العنوان
العنوان الشتاء النووى : أثار الحرب النووية على الانسانية والبيئة /
بيان المسئوليه,etc مارك. أ. هارول ؛ ترجمة سمر منصور
260 ## - PUBLICATION, DISTRIBUTION, ETC. (IMPRINT)
تاريخ النشر أو التوزيع 1988
300 ## - الوصف المادى
التعداد 297 ص
650 04 - المدخل الاضافى بالموضوع-مصطلح موضوعى
مصطلح موضوعي ميشة
650 04 - المدخل الاضافى بالموضوع-مصطلح موضوعى
مصطلح موضوعي الاسلحة النووية - الاضرار الناتجة عن
650 04 - المدخل الاضافى بالموضوع-مصطلح موضوعى
مصطلح موضوعي الانظمة الدينة للاعشاب للاحراج
700 1# - المدخل الاضافى - اسم شخصى
الإسم الشخصى سمر منصور (مترجم)
942 ## - عناصر المدخل الإضافي( كوها)
مصدر التصنيف او مخطط الترفيف Dewey Decimal Classification
Koha [default] item type كتاب
260 ## - PUBLICATION, DISTRIBUTION, ETC. (IMPRINT)
-- [S.N] :
-- دار طلاس للدراسات والترجمة ،
Holdings
حالة التراجع حالة الفقد حالة تلف ليس للاعارة المكان المؤقت الموقع الحالى تاريخ الاكتساب اجمالي اﻻعارات رقم الطلب الباركود تاريخ اخر مشاهدة تاريخ تفعيل السعر نوع وعاء كوها
        مكتبة القاهرة الكبرى مكتبة القاهرة الكبرى 03/26/2014   614.7\هـ ش 128499 03/26/2014 03/26/2014 كتاب
        مكتبة القاهرة الكبرى مكتبة القاهرة الكبرى 03/26/2014   614.7\هـ ش 128500 03/26/2014 03/26/2014 كتاب

Powered By

EGPV